Top 5 European Leagues Top Clean Sheets: 2010/11 - Statistics

General Stats
  • This quiz has been taken 2 times
  • The average score is 12 of 28
Answer Stats
League Clean Sheets Club Nationality Player % Correct
Premier League 14 Manchester United Netherlands Edwin van der Sar
100%
La Liga 14 Real Madrid Spain Iker Casillas
100%
Premier League 18 Manchester City England Joe Hart
100%
Bundesliga 11 Schalke Germany Manuel Neuer
100%
Bundesliga 8 Freiburg Germany Oliver Baumann
100%
Premier League 15 Chelsea Czechia Petr Cech
100%
Bundesliga 11 Bayer Leverkusen Germany Rene Adler
100%
Bundesliga 14 Borussia Dortmund Germany Roman Weidenfeller
100%
La Liga 17 Barcelona Spain Victor Valdes
100%
Ligue 1 13 Bordeaux France Cedric Carrasso
50%
La Liga 13 Villarreal Spain Diego Lopez
50%
Bundesliga 8 Hamburg Germany Frank Rost
50%
Premier League 11 Fulham Australia Mark Schwarzer
50%
Premier League 14 Liverpool Spain Pepe Reina
50%
Serie A 14 Udinese Slovenia Samir Handanovic
50%
Serie A 13 Parma Italy Antonio Mirante
0%
Serie A 19 Milan Italy Christian Abbiati
0%
Bundesliga 9 Mainz Germany Christian Wetklo
0%
La Liga 11 Coruna Spain Daniel Aranzubia
0%
La Liga 11 Atletico Madrid Spain David de Gea
0%
Serie A 13 Lazio Uruguay Fernando Muslera
0%
Ligue 1 15 Montpellier France Geoffrey Jourdren
0%
Serie A 17 Napoli Italy Morgan De Sanctis
0%
Ligue 1 16 Rennes France Nicolas Douchez
0%
Bundesliga 8 Nurnberg Germany Raphael Schafer
0%
La Liga 14 Osasuna Spain Ricardo
0%
Ligue 1 15 Brest Martinique Steeve Elana
0%
Ligue 1 14 Monaco France Stephane Ruffier
0%
No matching quizzes found
Score Distribution
Percent of People with Each Score
Percentile by Number Answered
Your Score History
You have not taken this quiz